000 00596cam a22002293a 4500
001 19226
003 PGUSA
005 20140828083416.0
008 060909s2006||||xxu|||||s|||||000 p eng d
040 _aPGUSA
_beng
042 _adc
050 4 _aPN
245 1 4 _aThe Dog's Book of Verse
_h[electronic resource]
260 _bProject Gutenberg,
_c2006
506 _aPublic domain in the USA.
516 _aElectronic text
653 _aDogs -- Poetry
700 1 _aClauson, J. Earl
830 0 _aProject Gutenberg
_v19226
856 4 0 _uhttp://www.gutenberg.org/ebooks/19226
942 _cEB
999 _c248481
_d248481